Geography Quiz

Random Geography or World Quiz

8-Letter Countries on a Map Quiz Stats

Quiz Updated Jan 25, 2016

Challenge
Share
Tweet
Score 0/24 Timer 04:00
4 Plays Today
% Correct
Portugal
98.9%
Mongolia
91.9%
Colombia
90.4%
Pakistan
90.3%
Paraguay
88.4%
Thailand
85.9%
Honduras
80.3%
Ethiopia
80%
Suriname
76.1%
Cambodia
75%
Slovakia
71.4%
Sri Lanka
70%
% Correct
Malaysia
66.8%
Zimbabwe
65.4%
Slovenia
65.2%
Tanzania
65.2%
Bulgaria
63.3%
Botswana
61.8%
Djibouti
60.8%
Cameroon
59.6%
Maldives
57.1%
Dominica
48.6%
Kiribati
44.5%
Barbados
43.5%

You're not logged in!

Compare scores with friends on all Sporcle quizzes.
Join for Free
OR
Log In

You Might Also Like...

Show Comments

Extras

Top Quizzes Today


Score Distribution

Your Account Isn't Verified!

In order to create a playlist on Sporcle, you need to verify the email address you used during registration. Go to your Sporcle Settings to finish the process.

Report this User

Report this user for behavior that violates our Community Guidelines.

Details: